| 000 | 00891nam a22002777a 4500 | ||
|---|---|---|---|
| 999 |
_c14625 _d14625 |
||
| 003 | MIRAKIL | ||
| 005 | 20211214000620.0 | ||
| 008 | 211112b tu ||||| |||| 00| 0 tur d | ||
| 020 | _a978625756108 | ||
| 040 |
_aTR-AnCHP _btur _cTR-AnCHP |
||
| 041 | _atur | ||
| 082 |
_a321.8 _bA42g 2021 |
||
| 100 | _aAkartürk, Ekrem Ali | ||
| 245 |
_aGüçlendirilmiş parlamenter sistem: _cteori ve uygulama/ _bEkrem Ali Akartürk, Tevfik Sönmez Küçük. |
||
| 250 | _a. | ||
| 260 |
_aAnkara: _bAdalet Yayınevi, _c2021. |
||
| 300 |
_a288 s.: _c23 sm. |
||
| 490 | 0 |
_aAdalet Yayınevi; _aHukuk Yayınları Dizisi; _v2803. |
|
| 504 | _aKaynakça vardır. | ||
| 650 | 0 |
_aSiyaset ve yönetim _xTürkiye _99 |
|
| 650 |
_aParlamenter sistemler _xTürkiye |
||
| 650 | _aYönetim sistemleri | ||
| 650 | _aDevlet ve yönetim sistemleri | ||
| 700 |
_aKüçük, Tevfik Sönmez _96827 |
||
| 942 |
_2ddc _cBKS |
||